Giáo trình tiếng anh chuyên ngành Thư viện và thông tin English For Librarianship And information Science

Guardado en:
Detalles Bibliográficos
Autor principal: Nguyễn Minh Đức (Tác giả)
Otros Autores: Nguyễn Minh Đức Lê Hoàng Nguyễn Thành Trung Trần Thị Linh Trang Trần Thị Vân Anh (Tác giả)
Formato: Libro
Lenguaje:Vietnamese
Publicado: Tp Hồ Chí Minh Đại học Quốc gia 2002
Materias:
Etiquetas: Agregar Etiqueta
Sin Etiquetas, Sea el primero en etiquetar este registro!
Thư viện lưu trữ: Mạng thư viện Đại học Đà Nẵng
LEADER 01391nam a2200349 4500
001 000009574
003 5771
005 20111028161021.0
008 111028s2002 viesd
020 |c 6000đ 
041 0 |a vie 
082 |a 428  |b Gia 
100 0 |a Nguyễn Minh Đức  |e Tác giả 
245 0 |a Giáo trình tiếng anh chuyên ngành Thư viện và thông tin  |b English For Librarianship And information Science  |c Nguyễn Minh Đức; Lê Hoàng; Nguyễn Thành Trung; Trần Thị Linh Trang; Trần Thị Vân Anh 
246 |a English For Librarianship And information Science 
260 |a Tp Hồ Chí Minh  |b Đại học Quốc gia  |c 2002 
300 |a 82 tr.  |c 21 cm 
653 |a Tiếng anh 
653 |a Thư viện và thông tin 
653 |a Giáo trình 
700 |a Nguyễn Minh Đức  |a Lê Hoàng  |a Nguyễn Thành Trung  |a Trần Thị Linh Trang  |a Trần Thị Vân Anh  |e Tác giả 
910 |a duyên 
OWN |a LSP 
AVA |a UDN50  |b LSP  |d 428 Gia  |e available  |t Error 5001 Not defined in file expand_doc_bib_avail.  |f 5  |g 0  |h N  |i 0  |k 1 
999 |a From the UDN01 
AVA |a UDN50  |b LSP  |d 428 Gia  |e available  |t Error 5001 Not defined in file expand_doc_bib_avail.  |f 5  |g 0  |h N  |i 0  |k 1 
TYP |a Monograph 
TYP |a Printed language 
980 |a Mạng thư viện Đại học Đà Nẵng